000
00476nam a2200145Ia 4500
008
100122s9999 xx 000 0 und d
082
_b
9014
_a
822
100
_a
कंगले र प
245
_a
कालिदासाची नाटके
260
_b
पॉप्युलर बुक डेपो
_c
1957
300
_a
218
630
_a
कालिदासाची नाटके
730
_a
कालिदासाची नाटके
942
_c
BOOK
999
_c
401148
_d
401145